Introducción a la probabilidad y estadística
Gespeichert in:
| Hauptverfasser: | , , |
|---|---|
| Format: | Buch |
| Sprache: | Spanisch |
| Veröffentlicht: |
Ciudad de México, México
Cengage Learning
2010
|
| Ausgabe: | Décimo tercera edición |
| Schlagworte: | |
| Online-Zugang: | Disponible Online |
| Tags: |
Tag hinzufügen
Keine Tags, Fügen Sie den ersten Tag hinzu!
|
MARC
| LEADER | 00000cam a2200000 a 4500 | ||
|---|---|---|---|
| 001 | UCE9612 | ||
| 003 | CL-VaPUC | ||
| 005 | 20230712090121.0 | ||
| 008 | 151029e20100000mx |||||||||||||||||spa|d | ||
| 999 | |c 361272 |d 361270 | ||
| 020 | |a 9786074813050 | ||
| 040 | |c Pontificia Universidad Católica de Valparaíso | ||
| 082 | 0 | 4 | |a 519.5 MEN 2013 |2 21 |
| 100 | |a Mendenhall, William |e autor |9 594170 | ||
| 245 | 1 | 0 | |a Introducción a la probabilidad y estadística |
| 250 | |a Décimo tercera edición | ||
| 260 | |a Ciudad de México, México |b Cengage Learning |c 2010 | ||
| 300 | |a 746 páginas | ||
| 583 | |a last modification |c 20151029 22:28:00 |k Rodrigo Vera | ||
| 650 | 0 | |a Estadística matemática |9 260028 | |
| 650 | 0 | |a Estadística |9 259535 |x Descriptiva |x Inferencial |v Problemas, ejercicios, etc | |
| 650 | 0 | |a Probabilidad |9 349606 | |
| 700 | 0 | |a Beaver, Robert J |e author |9 582500 | |
| 700 | 0 | |a Beaver, Barbara M |e author |9 582501 | |
| 856 | |u http://bibliografiadigital.pucv.cl.pucv.idm.oclc.org/index.php/bibliotecapucv/catalog/book/526 |y Disponible Online | ||
| 942 | |c BK |2 ddc | ||
| 945 | |d 20151029 22:28:00 |a dcastane | ||
| 952 | |0 0 |1 0 |3 erb |4 0 |6 519_500000000000000_MEN_2010 |7 0 |8 A |9 471691 |a BIBMAT |b BIBMAT |i 524658K |l 2 |o 519.5 MEN 2010 |p 524658K |r 2025-04-11 |s 2025-04-01 |w 2019-11-24 |y BK |z Catalogado en:20151029 |k MAT | ||